000 00791cam a2200241 a 4500
001 3961009
005 20250801151024.0
008 940622s1995 njua d 001 0 eng
020 _a0130304530
020 _a9780130304537
050 0 0 _aHF1001
_b.P78 1995
082 0 0 _a651/.03
_220
245 0 0 _aProfessional secretary's encyclopedic dictionary.
250 _a5th ed. /
_bMary A. De Vries.
260 _aEnglewood Cliffs, N.J. :
_bPrentice Hall,
_cc1995.
300 _axiv, 594 p. :
_bill. ;
_c24 cm.
500 _a"Previous editions of this book were published as Private secretary's encyclopedic dictionary"--T.p. verso.
500 _aIncludes index.
650 0 _aBusiness
_vDictionaries.
700 1 _aDe Vries, Mary Ann.
710 2 _aPrentice-Hall, Inc.
942 _2lcc
_cBK
_n0
999 _c7224
_d7224